000 00616nam a2200241Ia 4500
003 OSt
005 20221005120813.0
006 a|||||r|||| 00| 0
007 ta
008 221004b |||||||| |||| 00| 0 eng d
024 _a65855
037 _cTextual
040 _aCRL
_cCRL
_beng
041 _2eng
_aeng
082 _aWxM58, H0
100 _aFromm Erich
245 0 _aFear of freedom
260 _c1940
490 _aInterntional library of sociology and social reconstruction.
650 _aPOLITICAL SCIENCE
942 _hWxM58, H0
_cTEXL
_2cc
999 _c1039170
_d1039170